[Event "CZE-chT2F 2223"]
[Site "Czech Republic"]
[Date "2023.03.26"]
[Round "11"]
[White "Byma, Pavel"]
[Black "Belunek, Vladimir"]
[Result "0-1"]
[WhiteElo "2129"]
[BlackElo "2178"]
[PlyCount "120"]
[EventDate "2022.10.16"]
[EventType "team-tourn"]
[EventRounds "11"]
[EventCountry "CZE"]
[SourceTitle "EXT 2024"]
[Source "ChessBase"]
[SourceDate "2023.10.10"]
[SourceVersion "1"]
[SourceVersionDate "2023.10.10"]
[SourceQuality "1"]
[WhiteTeam "Dolni Benesov"]
[BlackTeam "Vsetin"]
[WhiteTeamCountry "CZE"]
[BlackTeamCountry "CZE"]

1. e4 c5 2. Nf3 Nc6 3. d4 cxd4 4. Nxd4 Nf6 5. Nc3 d6 6. Bg5 e6 7. Qd2 a6 8. 0-0-0 Bd7 9. f4 b5 10. Bxf6 gxf6 11. Kb1 Qb6 12. Nb3 b4 13. Na4 Qa7 14. Nc1 Rb8 15. b3 Na5 16. Nb2 Bc6 17. e5 dxe5 18. fxe5 f5 19. Qg5 h5 20. Bc4 Qe7 21. Qd2 Rg8 22. Rhg1 Qb7 23. g3 Rg4 24. Be2 Re4 25. Bxh5 Rxe5 26. Ncd3 Re4 27. Rge1 Rd8 28. Qf2 Rxe1 29. Rxe1 Be4 30. Nc5 Bxc5 31. Qxc5 Rd5 32. Qe3 Nc6 33. Qh6 Qe7 34. Nd3 Kd7 35. Nf4 Rd2 36. Bd1 Rf2 37. Nd3 Bxd3 38. cxd3 Qc5 39. Qg7 Nd8 40. Re2 Rxe2 41. Bxe2 Qe3 42. Qb2 Nc6 43. Bh5 Nd4 44. Qc1 Qxd3+ 45. Kb2 f6 46. Qh6 Qc2+ 47. Ka1 Qc3+ 48. Kb1 Qd3+ 49. Kb2 Qc2+ 50. Ka1 Kc6 51. Be8+ Kd5 52. Bh5 Qc3+ 53. Kb1 Nb5 54. Bf3+ Qxf3 55. Qd2+ Kc5 56. Qd7 Qh1+ 57. Kc2 Qxh2+ 58. Kc1 Qg1+ 59. Kc2 Qf2+ 60. Kc1 Qe1+ 0-1

[Event "Moravia-Silesia Region-chT 2223"]
[Site "Czech Republic"]
[Date "2022.12.11"]
[Round "5"]
[White "Hladik, Lumir"]
[Black "Byma, Pavel"]
[Result "0-1"]
[WhiteElo "1979"]
[BlackElo "2129"]
[PlyCount "74"]
[EventDate "2022.10.09"]
[EventType "team-tourn"]
[EventRounds "11"]
[EventCountry "CZE"]
[SourceTitle "EXT 2024"]
[Source "ChessBase"]
[SourceDate "2023.10.10"]
[SourceVersion "1"]
[SourceVersionDate "2023.10.10"]
[SourceQuality "1"]
[WhiteTeam "Petrovice Inter"]
[BlackTeam "Dolni Benesov II"]
[WhiteTeamCountry "CZE"]
[BlackTeamCountry "CZE"]

1. e4 e6 2. d4 d5 3. Nc3 Bb4 4. e5 c5 5. a3 Bxc3+ 6. bxc3 Qa5 7. Bd2 Qa4 8. Nf3 b6 9. Qb1 Ba6 10. Qb3 Qd7 11. Bxa6 Nxa6 12. 0-0 c4 13. Qb2 Ne7 14. Ng5 h6 15. Nh3 Nc7 16. f4 0-0-0 17. a4 f6 18. Be3 g5 19. exf6 Nf5 20. Qc1 g4 21. Nf2 h5 22. Re1 Qf7 23. a5 b5 24. a6 Qxf6 25. Qa3 Qe7 26. Bc1 Rd6 27. Qc5 Rb6 28. Ba3 Qd7 29. Bb4 Kb8 30. Ba5 Nxa6 31. Qa3 Rb7 32. Re5 Ka8 33. Rae1 Re8 34. g3 Nb8 35. Bb4 Nc6 36. R5e2 Nxb4 37. cxb4 Nxd4 0-1

[Event "Jesenik op"]
[Site "Jesenik"]
[Date "2019.08.21"]
[Round "5"]
[White "Byma, Pavel"]
[Black "Bures, Jaroslav"]
[Result "0-1"]
[WhiteElo "2079"]
[BlackElo "2389"]
[PlyCount "82"]
[EventDate "2019.08.17"]
[EventType "swiss"]
[EventRounds "9"]
[EventCountry "CZE"]
[SourceTitle "EXT 2020"]
[Source "ChessBase"]
[SourceDate "2019.10.17"]
[SourceVersion "1"]
[SourceVersionDate "2019.10.17"]
[SourceQuality "1"]

1. e4 c5 2. Nf3 e6 3. d4 cxd4 4. Nxd4 Nf6 5. Nc3 d6 6. g4 h6 7. Bg2 a6 8. Be3 e5 9. Nf5 g6 10. Nxh6 Bxh6 11. Bxh6 Nxg4 12. Bd2 Qh4 13. Qe2 Nc6 14. Be3 Nxe3 15. Qxe3 Bg4 16. Qg3 Nd4 17. Qxh4 Rxh4 18. Kd2 0-0-0 19. h3 Bf3 20. Bxf3 Nxf3+ 21. Ke3 Nd4 22. Kd3 Rdh8 23. Nd5 Rxh3+ 24. Rxh3 Rxh3+ 25. Ne3 Ne6 26. c3 Nc5+ 27. Ke2 Nxe4 28. Nc4 b5 29. Ne3 f5 30. Rg1 Rh2 31. Rg2 Rxg2 32. Nxg2 g5 33. Ne3 f4 34. Ng4 Kd7 35. f3 Nc5 36. b4 Na4 37. Kd3 Ke6 38. Nf2 d5 39. Nd1 Kf5 40. Nf2 Nb6 41. Nd1 g4 0-1

[Event "Ostrava Konik op-A"]
[Site "Ostrava"]
[Date "2016.05.03"]
[Round "4"]
[White "Chwistek, Karel"]
[Black "Byma, Pavel"]
[Result "0-1"]
[WhiteElo "1958"]
[BlackElo "2019"]
[PlyCount "38"]
[EventDate "2016.04.30"]
[EventType "swiss"]
[EventRounds "9"]
[EventCountry "CZE"]
[SourceTitle "CBM 172 Extra"]
[Source "ChessBase"]
[SourceDate "2016.06.21"]
[SourceVersion "1"]
[SourceVersionDate "2016.06.21"]
[SourceQuality "1"]

1. e4 c5 2. Nc3 e6 3. g3 d5 4. exd5 exd5 5. d4 Be6 6. Nge2 Nc6 7. Be3 cxd4 8. Nxd4 Bb4 9. Nxe6 fxe6 10. Qh5+ g6 11. Qg4 Qf6 12. 0-0-0 h5 13. Qf4 Bxc3 14. bxc3 Qxc3 15. Qd6 Nb4 16. Bb5+ Kf7 17. Qd7+ Ne7 18. Ba4 Rhd8 19. Qb5 a6 0-1

[Event "Ostrava Konik op-A"]
[Site "Ostrava"]
[Date "2016.04.30"]
[Round "1"]
[White "Byma, Pavel"]
[Black "Orzechowski, Jacek"]
[Result "0-1"]
[WhiteElo "2019"]
[BlackElo "2209"]
[PlyCount "114"]
[EventDate "2016.04.30"]
[EventType "swiss"]
[EventRounds "9"]
[EventCountry "CZE"]
[SourceTitle "CBM 172 Extra"]
[Source "ChessBase"]
[SourceDate "2016.06.21"]
[SourceVersion "1"]
[SourceVersionDate "2016.06.21"]
[SourceQuality "1"]

1. e4 e6 2. d4 d5 3. e5 c5 4. c3 Nc6 5. Nf3 Nge7 6. a3 Bd7 7. b4 cxd4 8. cxd4 Rc8 9. Bb2 Nf5 10. Nc3 Nh4 11. Na2 Nxf3+ 12. Qxf3 Qb6 13. Qe3 Na5 14. Rc1 Nc4 15. Bxc4 dxc4 16. Qe2 Be7 17. 0-0 0-0 18. Rc3 f5 19. Rh3 Be8 20. f4 Qc6 21. Nc3 b5 22. Rd1 Rd8 23. Qf2 Rd7 24. Kh1 Bd8 25. a4 a6 26. a5 Be7 27. d5 exd5 28. Qd4 Bxb4 29. Nxd5 Bc5 30. Qd2 b4 31. Bc1 c3 32. Qd3 Qb5 33. Qxb5 axb5 34. e6 Ra7 35. Be3 Bxe3 36. Rxe3 Bc6 37. Nxb4 Be4 38. Rxc3 Rxa5 39. Rc5 Re8 40. Re5 Ra4 41. Rxb5 Rxe6 42. Kg1 h6 43. Kf2 Kh7 44. Rd2 Rg6 45. g3 Re6 46. Na2 Ra3 47. Rc5 Rf3+ 48. Kg1 Ra6 49. Rb5 h5 50. Rbb2 h4 51. Rf2 Rfa3 52. gxh4 Re3 53. Nb4 Re1+ 54. Rf1 Rg6+ 55. Kf2 Rg2+ 56. Kxe1 Rxb2 57. Na6 Rb1+ 0-1

[Event "Ostrava Konik op-B"]
[Site "Ostrava"]
[Date "2011.05.05"]
[Round "6"]
[White "Remes, Radek"]
[Black "Byma, Pavel"]
[Result "1-0"]
[WhiteElo "1943"]
[BlackElo "1982"]
[PlyCount "93"]
[EventDate "2011.04.30"]
[EventType "swiss"]
[EventRounds "9"]
[EventCountry "CZE"]
[SourceTitle "CBM 142 Extra"]
[Source "ChessBase"]
[SourceDate "2011.06.27"]
[SourceVersion "1"]
[SourceVersionDate "2011.06.27"]
[SourceQuality "1"]

1. e4 c5 2. Nf3 Nc6 3. Bb5 Nd4 4. Nxd4 cxd4 5. c4 e5 6. 0-0 Qc7 7. d3 Nf6 8. f4 Bd6 9. f5 b6 10. a3 Bb7 11. Qe2 Bc5 12. Kh1 a6 13. Ba4 Bc6 14. Bxc6 dxc6 15. b4 Be7 16. Nd2 a5 17. c5 axb4 18. cxb6 Qxb6 19. Nc4 Qc7 20. a4 Nd7 21. a5 Ra6 22. Bd2 0-0 23. Rab1 c5 24. Qg4 f6 25. Rf3 Rf7 26. Rh3 Nf8 27. Rg3 Bd8 28. h4 Qa7 29. Qd1 Bxa5 30. Qb3 Bc7 31. Bh6 Kh8 32. Bc1 Re7 33. Bb2 Nd7 34. h5 Nb6 35. h6 Nxc4 36. Qxc4 Bb6 37. Kh2 Ra5 38. Bc1 Qa8 39. hxg7+ Rxg7 40. Rxg7 Kxg7 41. Qe6 Qd8 42. Kg3 Bc7 43. Kf3 Ra8 44. Bh6+ Kxh6 45. Qf7 Qg8 46. Rh1+ Kg5 47. Rh5# 1-0

[Event "Ostrava Konik op-B"]
[Site "Ostrava"]
[Date "2011.05.03"]
[Round "4"]
[White "Kanak, Filip"]
[Black "Byma, Pavel"]
[Result "0-1"]
[WhiteElo "1806"]
[BlackElo "1982"]
[PlyCount "104"]
[EventDate "2011.04.30"]
[EventType "swiss"]
[EventRounds "9"]
[EventCountry "CZE"]
[SourceTitle "CBM 142 Extra"]
[Source "ChessBase"]
[SourceDate "2011.06.27"]
[SourceVersion "1"]
[SourceVersionDate "2011.06.27"]
[SourceQuality "1"]

1. e4 c5 2. Nf3 Nc6 3. d4 cxd4 4. Nxd4 e5 5. Nb5 d6 6. Be2 Nf6 7. Bg5 Qa5+ 8. Bd2 Qd8 9. Bf3 a6 10. N5a3 Nd4 11. Nc3 b5 12. Nd5 Nxd5 13. exd5 Qf6 14. Be4 Qh4 15. Bf3 Bf5 16. c3 Nxf3+ 17. Qxf3 Be4 18. Qg3 Qxg3 19. hxg3 Bxg2 20. Rh2 Bxd5 21. Nc2 Bf3 22. Be3 Be7 23. a4 0-0 24. Nb4 Rfb8 25. a5 Rc8 26. Kd2 d5 27. Nd3 d4 28. cxd4 exd4 29. Bxd4 Rd8 30. Bb6 Bg5+ 31. Be3 Bf6 32. Bb6 Be4 33. Bxd8 Rxd8 34. Ke3 Bxd3 35. Rd1 Bc4 36. Rhh1 Re8+ 37. Kf4 Be5+ 38. Kf3 Bxb2 39. Rhe1 Kf8 40. Rxe8+ Kxe8 41. Rd6 b4 42. Rb6 Bb5 43. Ke4 Kd8 44. Rb8+ Kc7 45. Rf8 Bc4 46. Rh8 h6 47. Re8 Bf6 48. Kf3 Be6 49. Ke2 b3 50. Kd2 b2 51. Kc2 Bf5+ 52. Re4 Bxe4+ 0-1

[Event "Ostrava Konik op-A"]
[Site "Ostrava"]
[Date "2007.??.??"]
[Round "7"]
[White "Byma, Pavel"]
[Black "Gil, Karel"]
[Result "1-0"]
[WhiteElo "1965"]
[BlackElo "1985"]
[PlyCount "63"]
[EventDate "2007.05.??"]
[EventType "swiss"]
[EventRounds "9"]
[EventCountry "CZE"]
[SourceTitle "EXT 2010"]
[Source "ChessBase"]
[SourceDate "2010.11.25"]
[SourceVersion "1"]
[SourceVersionDate "2010.11.25"]
[SourceQuality "1"]

1. e4 c5 2. c3 Nf6 3. e5 Nd5 4. d4 e6 5. c4 Nc7 6. d5 d6 7. exd6 Bxd6 8. Nf3 0-0 9. Nc3 Re8 10. Be3 exd5 11. cxd5 Bd7 12. Bd3 b5 13. 0-0 h6 14. Ne4 Qe7 15. Bc2 Bf5 16. Nxd6 Bxc2 17. Qxc2 Qxd6 18. Bxc5 Qxd5 19. Rfd1 Qe4 20. Qb3 Nba6 21. Be3 Qc4 22. Qxc4 bxc4 23. Rac1 Rab8 24. Bd4 Nb5 25. Be5 Rbd8 26. Rxd8 Rxd8 27. h3 f6 28. Bg3 Rc8 29. a4 Nbc7 30. Rxc4 Kf7 31. b4 Rb8 32. b5 1-0

[Event "Ostrava Konik op-A"]
[Site "Ostrava"]
[Date "2007.??.??"]
[Round "5"]
[White "Byma, Pavel"]
[Black "Papan, Cyril"]
[Result "0-1"]
[WhiteElo "1965"]
[BlackElo "2055"]
[PlyCount "160"]
[EventDate "2007.05.??"]
[EventType "swiss"]
[EventRounds "9"]
[EventCountry "CZE"]
[SourceTitle "EXT 2010"]
[Source "ChessBase"]
[SourceDate "2010.11.25"]
[SourceVersion "1"]
[SourceVersionDate "2010.11.25"]
[SourceQuality "1"]

1. e4 d5 2. exd5 Qxd5 3. Nc3 Qd6 4. Nf3 Nc6 5. Bc4 Nf6 6. d3 Bg4 7. Nb5 Qd7 8. h3 Bxf3 9. Qxf3 a6 10. Nc3 e6 11. Be3 Bb4 12. a3 Bxc3+ 13. bxc3 0-0 14. Qg3 Kh8 15. d4 Ne4 16. Qh4 f5 17. g4 f4 18. Bd3 Qd5 19. c4 Qg5 20. Qxg5 Nxg5 21. Bc1 Nf3+ 22. Kd1 Nfxd4 23. Bb2 e5 24. Be4 Rad8 25. Ke1 f3 26. c3 Rf4 27. Bd5 Nc2+ 28. Kf1 Nxa1 29. Bxa1 Rxc4 30. Bxf3 Rf4 31. Be2 Rdf8 32. Rh2 b5 33. Bb2 e4 34. Bc1 R4f7 35. Be3 Ne5 36. Bc5 Rd8 37. Be3 Nf3 38. Rh1 c5 39. Kg2 c4 40. Rc1 h6 41. Ra1 Nd2 42. Rd1 Rfd7 43. Bb6 Rb8 44. Be3 Rbd8 45. Bb6 g5 46. a4 Rb8 47. Be3 bxa4 48. Bxc4 a3 49. Rxd2 Rxd2 50. Bxd2 a2 51. Bxa2 Rb2 52. Bc4 Rxd2 53. Bxa6 e3 54. Kf3 exf2 55. Be2 Rc2 56. c4 Kg7 57. Kxf2 Kf6 58. Ke3 Ke5 59. Kd3 Ra2 60. Bf3 Ra3+ 61. Ke2 Kd4 62. Bd5 Rxh3 63. Kf2 Rc3 64. Ke2 Ke5 65. Kf2 Kf4 66. Be6 Rf3+ 67. Kg2 Re3 68. Bd7 Re2+ 69. Kh3 Re3+ 70. Kg2 Re4 71. c5 Rc4 72. c6 Rc2+ 73. Kh3 Kf3 74. Be6 Kf2 75. Bd5 Rc5 76. Bg2 Rc3+ 77. Kh2 Rc5 78. Bh1 Rc4 79. Kh3 h5 80. c7 hxg4+ 0-1

[Event "Ostrava SMP op"]
[Site "Ostrava"]
[Date "2006.05.02"]
[Round "4"]
[White "Kostal, Otakar"]
[Black "Byma, Pavel"]
[Result "0-1"]
[WhiteElo "1899"]
[BlackElo "1890"]
[PlyCount "182"]
[EventDate "2006.04.29"]
[EventType "swiss"]
[EventRounds "9"]
[EventCountry "CZE"]
[SourceTitle "EXT 2008"]
[Source "ChessBase"]
[SourceDate "2007.11.25"]
[SourceVersion "1"]
[SourceVersionDate "2007.11.25"]
[SourceQuality "1"]

1. Nf3 d5 2. g3 Nf6 3. Bg2 Bf5 4. 0-0 e6 5. d4 c5 6. c4 Nc6 7. cxd5 Nxd5 8. Nc3 Nxc3 9. bxc3 Be4 10. Qa4 Qa5 11. Qb3 Be7 12. Bd2 0-0 13. c4 Qa6 14. dxc5 Bxc5 15. Bc3 f6 16. Bh3 Nd8 17. Nd4 Qd6 18. Rad1 Qe7 19. Rd2 e5 20. Nf3 Bc6 21. Rfd1 e4 22. Nd4 e3 23. Nxc6 bxc6 24. Rd7 exf2+ 25. Kf1 Qe4 26. Bg2 Qe6 27. Bb2 Rc8 28. Qd3 Nf7 29. Qe4 Qxe4 30. Bxe4 Nh6 31. h3 Rfe8 32. Bd3 Red8 33. Bc2 Rxd7 34. Rxd7 Nf7 35. Rd3 Rd8 36. Rxd8+ Nxd8 37. Bc1 Kf7 38. e3 Nb7 39. Kxf2 Nd6 40. Bd3 h6 41. Kf3 Ke6 42. Bd2 Nb7 43. Be4 Nd6 44. Bd3 Nf7 45. Be2 Ng5+ 46. Kg2 Ne4 47. Bc1 Nc3 48. Bf3 Nxa2 49. Bb2 Kd6 50. e4 Bb4 51. g4 Bc3 52. Ba3+ c5 53. Kf2 Bd4+ 54. Kg3 Ke5 55. h4 g5 56. hxg5 hxg5 57. Bg2 Nc3 58. Kf3 Nxe4 59. Bc1 Nd6 60. Bf1 a5 61. Bd3 a4 62. Bc2 Nxc4 63. Bxa4 Nb6 64. Bc2 c4 65. Ba3 Nd5 66. Bc1 Nb4 67. Bf5 c3 68. Ke2 Kd5 69. Ba3 Nc6 70. Kd3 Ne5+ 71. Kc2 Nc4 72. Kb3 Ne3 73. Bc8 Ke5 74. Bc1 Nd5 75. Bf5 Be3 76. Ba3 Bd2 77. Bc5 Nf4 78. Ba7 Ng2 79. Bf2 Kd5 80. Bc8 Nh4 81. Kc2 Ke4 82. Bb6 Kf3 83. Bd8 Ng2 84. Bf5 Ne3+ 85. Kb3 Nxf5 86. Bxf6 Nd4+ 87. Bxd4 Kxg4 88. Kc2 Kf3 89. Kd3 g4 90. Bg1 Kg2 91. Bc5 Kh1 0-1

[Event "Ostrava SMP op"]
[Site "Ostrava"]
[Date "2006.04.30"]
[Round "2"]
[White "Halamka, Vaclav"]
[Black "Byma, Pavel"]
[Result "0-1"]
[WhiteElo "1736"]
[BlackElo "1890"]
[PlyCount "100"]
[EventDate "2006.04.29"]
[EventType "swiss"]
[EventRounds "9"]
[EventCountry "CZE"]
[SourceTitle "EXT 2008"]
[Source "ChessBase"]
[SourceDate "2007.11.25"]
[SourceVersion "1"]
[SourceVersionDate "2007.11.25"]
[SourceQuality "1"]

1. d4 d5 2. Nf3 c5 3. c3 cxd4 4. cxd4 Nc6 5. Nbd2 Qa5 6. h3 Bd7 7. e3 Rc8 8. Be2 Nf6 9. 0-0 e6 10. Nb3 Qc7 11. Bd2 Ne4 12. Rc1 Bd6 13. Bd3 f5 14. Nc5 0-0 15. Bxe4 fxe4 16. Ng5 Rf6 17. Qg4 Bxc5 18. Rxc5 h6 19. Nxe4 dxe4 20. Qxe4 Qd6 21. Rfc1 Rf5 22. R5c2 Rcf8 23. f4 Qd5 24. Qxd5 exd5 25. a3 R5f6 26. b4 a6 27. a4 Na7 28. Rc7 Bc6 29. Ra1 R6f7 30. Rxf7 Kxf7 31. g4 Nc8 32. Kf2 Nd6 33. Kf3 Rc8 34. Be1 Bd7 35. f5 Rc2 36. Bg3 Ne4 37. h4 Nxg3 38. Kxg3 Rb2 39. Kf4 Rxb4 40. a5 Ra4 41. Rxa4 Bxa4 42. Ke5 Bc6 43. g5 Ke7 44. g6 b5 45. axb6 a5 46. e4 dxe4 47. d5 e3 48. dxc6 e2 49. b7 e1Q+ 50. Kd5 Qb4 0-1